| 000 -LEADER |
| fixed length control field |
00932cam a2200289 a 4500 |
| 001 - CONTROL NUMBER |
| control field |
15794511 |
| 005 - DATE AND TIME OF LATEST TRANSACTION |
| control field |
20180813073421.0 |
| 008 - FIXED-LENGTH DATA ELEMENTS--GENERAL INFORMATION |
| fixed length control field |
090629s2010 nyua 000 0 eng |
| 010 ## - LIBRARY OF CONGRESS CONTROL NUMBER |
| LC control number |
2009025932 |
| 015 ## - NATIONAL BIBLIOGRAPHY NUMBER |
| National bibliography number |
GBA922305 |
| Source |
bnb |
| 016 7# - NATIONAL BIBLIOGRAPHIC AGENCY CONTROL NUMBER |
| Record control number |
014920434 |
| Source |
Uk |
| 020 ## - INTERNATIONAL STANDARD BOOK NUMBER |
| International Standard Book Number |
9780071615471 |
| 020 ## - INTERNATIONAL STANDARD BOOK NUMBER |
| International Standard Book Number |
0071615474 |
| 035 ## - SYSTEM CONTROL NUMBER |
| System control number |
(OCoLC)ocn312625907 |
| 040 ## - CATALOGING SOURCE |
| Original cataloging agency |
DLC |
| Language of cataloging |
eng |
| Transcribing agency |
DLC |
| Modifying agency |
YDX |
| -- |
BTCTA |
| -- |
BAKER |
| -- |
YDXCP |
| -- |
UKM |
| -- |
VP@ |
| -- |
OCLCQ |
| -- |
DLC |
| 041 0# - LANGUAGE CODE |
| Language code of text/sound track or separate title |
engger |
| 080 ## - UNIVERSAL DECIMAL CLASSIFICATION NUMBER |
| Universal Decimal Classification number |
438.3 WEI |
| 082 00 - DEWEY DECIMAL CLASSIFICATION NUMBER |
| Classification number |
438.3 WEI |
| Edition number |
22 |
| 082 00 - DEWEY DECIMAL CLASSIFICATION NUMBER |
| Classification number |
438.3 WEI |
| Edition number |
22 |
| 100 1# - Rafti |
| Rafti |
25 |
| 101 ## - Shkurtesa |
| Shkurtesa |
EDU |
| 245 10 - TITLE STATEMENT |
| Title |
Schaum's outlines : |
| Statement of responsibility, etc |
Edda Weiss ... [et al.]. |
| 246 30 - VARYING FORM OF TITLE |
| Title proper/short title |
German vocabulary |
| 906 ## - LOCAL DATA ELEMENT F, LDF (RLIN) |
| a |
7 |
| b |
cbc |
| c |
orignew |
| d |
1 |
| e |
ecip |
| f |
20 |
| g |
y-gencatlg |
| 942 ## - ADDED ENTRY ELEMENTS (KOHA) |
| Source of classification or shelving scheme |
|
| Item type |
Books |